10 Personaggi più famosi per ogni secolo (1400-1900) - Statistics

Statistiche generali
  • Questo quiz è stato fatto 291 volte
  • Il punteggio medio è 34 su 60
Statistiche sulle risposte
con Immagini Hint Risposta % Corretto
1400: Artista, inventore, scienziato (Gioconda) Leonardo da Vinci
100%
1400: Esploratore (scoperta dell'America) Cristoforo Colombo
98%
1500: Fondatore della Riforma protestante Martin Lutero
86%
Artista rinascimentale (Cappella Sistina, David) Michelangelo Buonarroti
85%
1400: Signore di Firenze, mecenate ed emblema del rinascimento italiano Lorenzo de' Medici
82%
1900: Leader nazista (Seconda Guerra Mondiale) Adolf Hitler
78%
1900: Fisico (Teoria della relatività) Albert Einstein
77%
1600: Fisico (leggi della gravitazione universale) Isaac Newton
77%
1800: Imperatore francese Napoleone Bonaparte
77%
1500: Filosofo (Il Principe) Niccolò Machiavelli
77%
1700: Primo presidente degli Stati Uniti George Washington
76%
1800: Eroe del Risorgimento italiano Giuseppe Garibaldi
76%
1800: Compositore (Sinfonia n. 9) Ludwig van Beethoven
76%
1900: Leader indiano (indipendenza dell'India) Mahatma Gandhi
76%
1800: Pittore (Notte stellata) Vincent van Gogh
76%
1800: Presidente degli USA (abolizione schiavitù) Abraham Lincoln
75%
1600: Scienziato (metodo scientifico) Galileo Galilei
75%
1400: Pittore rinascimentale (La Nascita di Venere) Sandro Botticelli
75%
1700: Compositore (Le nozze di Figaro, Il flauto magico) Wolfgang Amadeus Mozart
74%
1800: Naturalista (Teoria dell'evoluzione) Charles Darwin
73%
1900: Leader anti-apartheid (presidente Sudafrica) Nelson Mandela
73%
1900: Artista (Guernica, Cubismo) Pablo Picasso
73%
1900: Primo ministro britannico (Seconda Guerra Mondiale) Winston Churchill
73%
1400: Architetto, ingegnere (Cupola del Duomo di Firenze) Filippo Brunelleschi
72%
1800: Filosofo (Manifesto Comunista) Karl Marx
72%
1900: Attivista per i diritti civili (I Have a Dream) Martin Luther King Jr.
72%
1900: Fondatore della psicoanalisi Sigmund Freud
72%
1900: Presidente degli USA (Guerra fredda) John F. Kennedy
71%
1600: Re di Francia, col regno più duraturo della storia Luigi XIV
71%
1400: Inventore della stampa a caratteri mobili (Stampa della Bibbia) Giovanni Gutenberg
65%
1900: Scienziata (radioattività) Marie Curie
64%
1600: Filosofo, matematico (Sistema degli assi) Cartesio
62%
1800: Inventore (lampadina) Thomas Edison
62%
1500: Astronomo (modello eliocentrico) Niccolò Copernico
60%
1500: Esploratore (circumnavigazione del globo) Ferdinando Magellano
58%
1800: Scrittore (Il ritratto di Dorian Gray) Oscar Wilde
58%
1700: Re di Francia allo scoppio della Rivoluzione francese Luigi XVI
57%
1500: Riformatore protestante, con una propria corrente Giovanni Calvino
46%
1600: Matematico, fisico (Unità di misura della pressione) Blaise Pascal
42%
1700: Filosofo (Etica) Immanuel Kant
40%
1400: Regina di Spagna (supporto a Colombo) Isabella di Castiglia
39%
1700: Filosofo (Illuminismo) Voltaire
38%
1800: Scrittore (Delitto e castigo) Fëdor Dostoevskij
37%
1700: Scienziato, politico (scoperta dell'elettricità) Benjamin Franklin
34%
1500: Regina d'Inghilterra (Rinascimento inglese) Elisabetta I d'Inghilterra
34%
1500: imperatore di un "impero sul quale non tramontava mai il sole" Carlo V d'Asburgo
33%
1600: Scultore, architetto (Apollo e Dafne) Gian Lorenzo Bernini
30%
1600: Filosofo (Leviatano) Thomas Hobbes
30%
1700: Economista (padre della scienza economica e del capitalismo) Adam Smith
28%
1600: Filosofo (liberalismo) John Locke
28%
1700: Filosofo (Contratto Sociale) Jean-Jacques Rousseau
27%
1600: Pittore olandese (Ronda di notte) Rembrandt van Rijn
22%
1500: Pittore veneto (Bacco e Arianna) Tiziano Vecellio
21%
1700: Inventore (macchina a vapore) James Watt
19%
1600: Pittore olandese (La ragazza con l'orecchino di perla) Johannes Vermeer
19%
1500: Sultano che portò all'apice l'impero ottomano Solimano il Magnifico
19%
1400: Pittore fiammingo (Ritratto dei coniugi Arnolfini) Jan van Eyck
18%
1400: Re di Francia (guerre d'Italia) Carlo VIII di Francia
12%
1400: Principe portoghese (esplorazioni lungo la costa africana) Enrico il Navigatore
8%
1700: Filosofo, politico (conservatorismo) Edmund Burke
2%
Nessun quiz corrispondente trovato
Distribuzione punteggi
Percentuale di utenti per punteggio
Percentile per numero di risposta
I tuoi punteggi nel tempo
Non hai fatto questo quiz